<?xml version="1.0" encoding="UTF-8"?>
<record
    xmlns:xsi="http://www.w3.org/2001/XMLSchema-instance"
    xsi:schemaLocation="http://www.loc.gov/MARC21/slim http://www.loc.gov/standards/marcxml/schema/MARC21slim.xsd"
    xmlns="http://www.loc.gov/MARC21/slim">

  <leader>01057nas a2200277   4500</leader>
  <controlfield tag="001">aBSDPrz AM02</controlfield>
  <controlfield tag="008">a++++++bsc2001d++++epl+f!!!!g!h+i!!!!j!l!n!o!p+q!r!spolt!u!</controlfield>
  <datafield tag="020" ind1=" " ind2=" ">
    <subfield code="a">837097824X</subfield>
  </datafield>
  <datafield tag="041" ind1="1" ind2=" ">
    <subfield code="a">pol</subfield>
    <subfield code="h">ita</subfield>
  </datafield>
  <datafield tag="100" ind1="1" ind2=" ">
    <subfield code="a">Cavalletti, Sofia</subfield>
  </datafield>
  <datafield tag="245" ind1="1" ind2="0">
    <subfield code="a">Potencja&#x142; duchowy dziecka /</subfield>
    <subfield code="c">Sofia Cavalletti ; prze&#x142;. Krzysztof Stopa.</subfield>
  </datafield>
  <datafield tag="246" ind1=" " ind2=" ">
    <subfield code="a">Potencja&#x142; duchowy dziecka</subfield>
  </datafield>
  <datafield tag="260" ind1=" " ind2=" ">
    <subfield code="a">Krak&#xF3;w :</subfield>
    <subfield code="b">WAM,</subfield>
    <subfield code="c">2001.</subfield>
  </datafield>
  <datafield tag="300" ind1=" " ind2=" ">
    <subfield code="a">245 s., rys., [31] k. tabl. (w tym kolor.). ;</subfield>
    <subfield code="c">20 cm.</subfield>
  </datafield>
  <datafield tag="500" ind1=" " ind2=" ">
    <subfield code="a">tyt. oryg.:"Il potenziale religioso del bambino"1979</subfield>
    <subfield code="a">- na str. tyt. napis u g&#xF3;ry: Do&#x15B;wiadczenia z dzie&#x107;mi w wieku od 3 do 6 lat.</subfield>
  </datafield>
  <datafield tag="600" ind1="1" ind2="9">
    <subfield code="a">Montessori Maria (1870-1952)</subfield>
    <subfield code="x">metoda wychowawcza</subfield>
  </datafield>
  <datafield tag="650" ind1=" " ind2="9">
    <subfield code="a">Pedagogika</subfield>
    <subfield code="x">metody</subfield>
    <subfield code="x">wychowanie religijne dziecka</subfield>
  </datafield>
  <datafield tag="692" ind1=" " ind2=" ">
    <subfield code="x">wychowanie dziecka</subfield>
  </datafield>
  <datafield tag="692" ind1=" " ind2=" ">
    <subfield code="x">pedagogika wychowawcza</subfield>
  </datafield>
  <datafield tag="692" ind1=" " ind2=" ">
    <subfield code="x">praca z dzieckiem</subfield>
  </datafield>
  <datafield tag="692" ind1=" " ind2=" ">
    <subfield code="x">modlitwa dziecka</subfield>
  </datafield>
  <datafield tag="692" ind1=" " ind2=" ">
    <subfield code="x">pedagogika Marii Montessori</subfield>
  </datafield>
  <datafield tag="700" ind1="1" ind2=" ">
    <subfield code="a">Stopa, Krzysztof.</subfield>
    <subfield code="e">t&#x142;</subfield>
  </datafield>
  <datafield tag="920" ind1=" " ind2=" ">
    <subfield code="a">83-7097-824-X</subfield>
  </datafield>
  <datafield tag="942" ind1=" " ind2=" ">
    <subfield code="c">K</subfield>
  </datafield>
  <datafield tag="999" ind1=" " ind2=" ">
    <subfield code="c">242555</subfield>
    <subfield code="d">242555</subfield>
  </datafield>
  <datafield tag="952" ind1=" " ind2=" ">
    <subfield code="r">2014-10-28 00:00:00</subfield>
    <subfield code="i">67 596</subfield>
    <subfield code="l">0</subfield>
    <subfield code="o">67 596</subfield>
    <subfield code="p">67 596</subfield>
    <subfield code="t">1</subfield>
    <subfield code="w">2014-03-27</subfield>
    <subfield code="y">K</subfield>
    <subfield code="1">0</subfield>
    <subfield code="4">0</subfield>
    <subfield code="7">0</subfield>
    <subfield code="0">0</subfield>
    <subfield code="a">BSDPRZ</subfield>
    <subfield code="b">BSDPRZ</subfield>
    <subfield code="c">MG</subfield>
    <subfield code="d">2014-03-27</subfield>
  </datafield>
</record>
